000 01041nam a2200217Ii 4500
003 JO-AjNU
008 230605s9999||||xx |||||||||||||| ||und||
020 _a977-00-5327-9
040 _aJO-AjNU
_bara
_erda
_cJO-AjNU
041 _aara
050 1 4 _aKRM68.M8334.1993
100 3 _aلطفي ، محمد حسام محمود,
_eauthor
_946486
245 0 0 _aاستخدام وسائل الاتصال الحديثة في التفاوض على العقود وإبرامها : دراسة في قانوني الإثبات المصري والفرنسي
250 _a(د،ط)
264 3 1 _aالقاهرة : د ، ن ، 1993
300 _a74ص
336 _atext
_btxt
_2rdacontent
337 _aunmediated
_bn
_2rdamedia
338 _avolume
_bnc
_2rdacarrier
650 4 _aالعقود الإلكترونية -- قوانين وتشريعات -- مصر-- العقود الإلكترونية -- قوانين وتشريعات -- فرنسا -- العقود (قانون مدني) -- فرنسا -- العقود (قانون مدني) -- مصر
_946487
999 _aA20227
_c23795
_d23795